Ejecucin̤ de la pena privativa de libertad

Detalles Bibliográficos
Autor principal: Navarro Villanueva, Carmen
Formato: Desconocido
Lenguaje:español
Publicado: Barcelona : Bosch, 2002
Materias:
Acceso en línea:Acceso restringido

MARC

LEADER 00000ny a22000003n 4500
005 20110531131139.0
008 080508t1999 sp s 000 0 spa c
020 |a 8476986742 
035 |a 1135 
040 |a UMA.RE  |d vLex 
080 |a 343.26(460)(0.034) 
090 |c 377  |d 377 
100 1 |a Navarro Villanueva, Carmen 
245 1 0 |a Ejecucin̤ de la pena privativa de libertad  |h [Recurso electrn̤ico]  |c Carmen Navarro Villanueva 
256 |a Servicio en ln̕ea 
260 |a Barcelona :  |b Bosch,  |c 2002 
506 1 |a Contenido solo disponible en los productos indicados  |d vLex Global  |d vLex Global (Academic Edition, excluding Law Schools)  |d vLex Global (U.S. Academic Edition, Law Schools)  |d vLex Global (U.S. Academic Edition, excluding Law Schools)  |d vLex Global (Academic Edition, Law Schools) 
650 0 7 |a Penal  |2 Tesauro vLex 
650 0 7 |a Penas privativas de libertad  |2 Tesauro vLex 
650 0 7 |a Penas  |2 Tesauro vLex 
740 0 |a vLex Libros (Servicios en ln̕ea) 
856 4 0 |u http://vlex.com/source/1135  |z Acceso restringido 
942 |c BOOK 
999 0 |a Criminal Law   |b Madrid